Výpočtová štatistika 4. seminár

Gespeichert in:
Bibliographische Detailangaben
Weitere Verfasser: Chajdiak, Jozef
Format: Buch
Sprache:Slowakisch
Englisch
Russisch
Veröffentlicht: Bratislava Slovenská štatistická a demografická spoločnosť 1994
Ausgabe:1. vyd.
Schlagworte:
Tags: Tag hinzufügen
Keine Tags, Fügen Sie das erste Tag hinzu!

MARC

LEADER 00000nam a2200000 4500
001 c009504
005 20221214075527.3
041 0 |a slo 
041 0 |a eng 
041 0 |a rus 
044 |a SK 
245 1 0 |a Výpočtová štatistika  |b 4. seminár  |c Hl. zost. Jozef Chajdiak 
250 |a 1. vyd. 
264 1 |a Bratislava  |b Slovenská štatistická a demografická spoločnosť  |c 1994 
300 |a 38 s. 
610 2 0 |a štatistika 
610 2 0 |a počítače 
610 2 0 |a programy počítačové 
610 2 0 |a systémy expertné 
610 2 0 |a grafika počítačová 
700 1 |a Chajdiak, Jozef